000 00454nam a22001577a 4500
999 _c8900
_d8900
003 OSt
008 200713b ||||| |||| 00| 0 eng d
020 _a978-9351645009
100 _a BHISE , S. B
245 _aACCREDITATION OF PHARMACY INSTITUTIONS
250 _a4th
260 _aN Delhi
_bNirali Prakashan
_c2019
300 _a1.4 Misc
650 _aPharmaceutics- Drug Delivery Systems,Pharmaceutical Engineering regularity Science
942 _2ddc
_cBK